[Event "American Continental 19th"]
[Site "Foz do Iguacu"]
[Date "2025.05.23"]
[Round "1"]
[White "Jodorcovsky Werjivker, Paulo"]
[Black "Galeano Rolin, Mateo Josias"]
[Result "1-0"]
[WhiteElo "2117"]
[BlackElo "1502"]
[PlyCount "76"]
[EventDate "2025.05.23"]
[EventType "swiss"]
[EventRounds "11"]
[EventCountry "BRA"]
[SourceTitle "CB23_2025"]
[SourceDate "2025.06.04"]
[SourceVersion "1"]
[SourceVersionDate "2025.06.04"]
[SourceQuality "1"]

1. c4 e5 2. e3 Nc6 3. Nc3 Nf6 4. Nf3 d5 5. cxd5 Nxd5 6. Bb5 Nxc3 7. bxc3 Bd6 8. d4 e4 9. Nd2 Qg5 10. Bf1 Bf5 11. Rb1 Rb8 12. g3 0-0 13. Bg2 Rfe8 14. 0-0 h5 15. h4 Qg6 16. Nc4 Bg4 17. Qc2 Bf5 18. Ba3 Bxa3 19. Nxa3 a6 20. Nc4 b5 21. Nd2 Rbc8 22. a4 Na7 23. axb5 Nxb5 24. Qb2 Qc6 25. c4 Nd6 26. c5 Nb5 27. Ra1 Rb8 28. Qc2 Qg6 29. Nc4 Ra8 30. Ra4 f6 31. Nd2 Qg4 32. Rfa1 Qe2 33. Bf1 Qg4 34. Bxb5 Red8 35. Bc6 Ra7 36. Bxe4 Bxe4 37. Nxe4 Rd7 38. d5 Qg6 1-0

[Event "Titled Tuesday intern op 07th Jan Early"]
[Site "Chess.com INT"]
[Date "2025.01.07"]
[Round "4"]
[White "Jodorcovsky Werjivker, Paulo"]
[Black "Hercegovac, Neven"]
[Result "1-0"]
[WhiteElo "2160"]
[BlackElo "2316"]
[PlyCount "65"]
[EventDate "2025.01.07"]
[EventType "swiss (blitz)"]
[EventRounds "11"]
[EventCountry "USA"]
[SourceTitle "CB03_2025"]
[SourceDate "2025.01.15"]
[SourceVersion "1"]
[SourceVersionDate "2025.01.15"]
[SourceQuality "1"]

1. e4 e6 2. d4 d5 3. Nd2 a5 4. Bd3 a4 5. a3 c5 6. exd5 Qxd5 7. Ngf3 cxd4 8. 0-0 Nf6 9. Nc4 Nc6 10. Nb6 Qa5 11. Nxa8 Qxa8 12. Bb5 Bc5 13. Nxd4 0-0 14. Nxc6 bxc6 15. Bd3 e5 16. Bg5 Nd5 17. Qh5 g6 18. Qh4 f5 19. Rad1 Be6 20. Kh1 Qb8 21. Qxa4 Qc7 22. c4 Nb6 23. Qc2 e4 24. Be2 Qe5 25. b4 Bd4 26. Rxd4 Qxd4 27. Be3 Qd8 28. Rd1 Qb8 29. Qc3 Nd7 30. c5 Nf6 31. Rd6 Nd5 32. Qe5 Bf7 33. Bd4 1-0

[Event "Titled Tuesday intern op 07th Jan Early"]
[Site "Chess.com INT"]
[Date "2025.01.07"]
[Round "8"]
[White "Narayanan, Srinath"]
[Black "Jodorcovsky Werjivker, Paulo"]
[Result "0-1"]
[WhiteElo "2516"]
[BlackElo "2160"]
[PlyCount "92"]
[EventDate "2025.01.07"]
[EventType "swiss (blitz)"]
[EventRounds "11"]
[EventCountry "USA"]
[SourceTitle "CB03_2025"]
[SourceDate "2025.01.15"]
[SourceVersion "1"]
[SourceVersionDate "2025.01.15"]
[SourceQuality "1"]

1. Nf3 d5 2. e3 Nf6 3. c4 e6 4. b3 c5 5. Bb2 Bd6 6. Be2 Nc6 7. cxd5 exd5 8. d4 Be6 9. dxc5 Bxc5 10. 0-0 0-0 11. Nc3 Ne4 12. Rc1 Bd6 13. Bd3 Ng5 14. Nxg5 Qxg5 15. Nb5 Bb8 16. g3 a6 17. Nd4 Bg4 18. Qd2 Qh6 19. f4 Ba7 20. Bb1 Rae8 21. Rfe1 Qh3 22. Ba3 Nxd4 23. exd4 Bf3 24. Bc5 Bxc5 25. dxc5 d4 26. Bd3 Re3 27. Bf1 Qe6 28. Bc4 Qh3 29. Bf1 Qe6 30. Rxe3 dxe3 31. Qc3 e2 32. Bg2 Bxg2 33. Kxg2 Re8 34. Kf2 g5 35. Re1 Qh3 36. Kg1 gxf4 37. Qf3 fxg3 38. hxg3 Qe6 39. Kf2 Qe5 40. Kg2 Re6 41. b4 Qb2 42. a3 Qd2 43. Qf2 Qd5+ 44. Kg1 Rh6 45. Qe3 Qh1+ 46. Kf2 Rh2# 0-1

[Event "Titled Tuesday intern op 07th Jan Early"]
[Site "Chess.com INT"]
[Date "2025.01.07"]
[Round "11"]
[White "Saydaliev, Saidakbar"]
[Black "Jodorcovsky Werjivker, Paulo"]
[Result "1-0"]
[WhiteElo "2462"]
[BlackElo "2160"]
[PlyCount "65"]
[EventDate "2025.01.07"]
[EventType "swiss (blitz)"]
[EventRounds "11"]
[EventCountry "USA"]
[SourceTitle "CB03_2025"]
[SourceDate "2025.01.15"]
[SourceVersion "1"]
[SourceVersionDate "2025.01.15"]
[SourceQuality "1"]

1. Nf3 d5 2. c4 e6 3. g3 Nf6 4. Bg2 c6 5. 0-0 Bd6 6. b3 0-0 7. Bb2 Nbd7 8. d4 Re8 9. Nc3 dxc4 10. bxc4 e5 11. e3 exd4 12. exd4 Nf8 13. Qb3 Rb8 14. a4 Bg4 15. a5 Ne6 16. Rfd1 h5 17. h4 Qc7 18. d5 Nc5 19. Qc2 Nfe4 20. Nxe4 Nxe4 21. Re1 Bf5 22. Nd4 Bg6 23. Rxe4 Bxe4 24. Bxe4 cxd5 25. Bxd5 Bc5 26. Nf5 Re5 27. Bxe5 Qxe5 28. Rb1 g6 29. Ne3 Bxe3 30. Qxg6+ Kh8 31. Bxf7 Bd2 32. Rb5 Qe1+ 33. Kg2 1-0

[Event "South America-ch 2nd"]
[Site "Coliseo Miguel Grau"]
[Date "2024.08.03"]
[Round "9"]
[White "Quiroz Alva, Franco Rodrigo"]
[Black "Jodorcovsky Werjivker, Paulo"]
[Result "1/2-1/2"]
[WhiteElo "1919"]
[BlackElo "2145"]
[PlyCount "122"]
[EventDate "2024.07.29"]
[EventType "swiss"]
[EventRounds "9"]
[EventCountry "PER"]
[SourceTitle "EXT 2025"]
[Source "ChessBase"]
[SourceDate "2024.10.14"]
[SourceVersion "1"]
[SourceVersionDate "2024.10.14"]
[SourceQuality "1"]

1. d4 d5 2. Bf4 c5 3. e3 Nc6 4. Nf3 Nf6 5. Nbd2 cxd4 6. exd4 Qb6 7. Nb3 Bf5 8. a4 a6 9. a5 Qd8 10. c3 e6 11. Bd3 Bxd3 12. Qxd3 Be7 13. 0-0 0-0 14. Rfe1 Re8 15. Ne5 Nd7 16. Nxd7 Qxd7 17. Re3 Qd8 18. h4 b6 19. Nd2 Nxa5 20. b4 Nc4 21. Nxc4 dxc4 22. Qxc4 b5 23. Qc6 Qc8 24. Qe4 Bf6 25. h5 Qc4 26. Bd6 Red8 27. Bc5 Rd5 28. Rf3 h6 29. Qg4 Kh8 30. Qh3 Qe2 31. g4 Qb2 32. Re1 a5 33. bxa5 Rxa5 34. Qg3 Ra1 35. Rxa1 Qxa1+ 36. Kg2 Rg5 37. Rf4 Qa8+ 38. Qf3 Qc8 39. Bb4 Kg8 40. Re4 Qc4 41. Rf4 Rd5 42. Bc5 Qb3 43. Re4 Qc4 44. Bb4 Qc8 45. Qe2 Qb7 46. f3 Rd8 47. Qf2 Ra8 48. Re2 Ra1 49. Ra2 Rc1 50. Rc2 Rb1 51. Rb2 Ra1 52. Ra2 Rc1 53. Rc2 Bh4 54. Qd2 Bg5 55. Qf2 Rd1 56. Qe2 Rb1 57. Rb2 Rxb2 58. Qxb2 Qd5 59. Qe2 f5 60. gxf5 Qxf5 61. Qe4 Qd5 1/2-1/2

[Event "South America-ch 2nd"]
[Site "Coliseo Miguel Grau"]
[Date "2024.08.02"]
[Round "7"]
[White "Cardenas Huachaca, Alessandro Jair"]
[Black "Jodorcovsky Werjivker, Paulo"]
[Result "0-1"]
[WhiteElo "1817"]
[BlackElo "2145"]
[PlyCount "118"]
[EventDate "2024.07.29"]
[EventType "swiss"]
[EventRounds "9"]
[EventCountry "PER"]
[SourceTitle "EXT 2025"]
[Source "ChessBase"]
[SourceDate "2024.10.14"]
[SourceVersion "1"]
[SourceVersionDate "2024.10.14"]
[SourceQuality "1"]

1. d4 d5 2. c4 e6 3. Nc3 c6 4. cxd5 exd5 5. Qc2 Bd6 6. Nf3 h6 7. Bd2 Nf6 8. e3 Be6 9. Bd3 Nbd7 10. 0-0 0-0 11. Rab1 a6 12. b4 Bg4 13. Kh1 Bxf3 14. gxf3 Nh5 15. Rg1 Qh4 16. Rg2 Kh8 17. Ne2 Qf6 18. f4 Qe7 19. Ng3 Nxg3+ 20. hxg3 Nf6 21. f3 Rae8 22. Rh2 g6 23. Kg2 Kg7 24. Kf2 h5 25. Qb2 Rh8 26. Rbh1 Qc7 27. Rh3 Qb6 28. a3 Qd8 29. Rb1 Re7 30. a4 Rhe8 31. Rhh1 Qb6 32. Rhe1 Kg8 33. b5 axb5 34. axb5 c5 35. Ra1 cxd4 36. exd4 Rxe1 37. Bxe1 Qd8 38. Bb4 h4 39. gxh4 Bxf4 40. Re1 Rxe1 41. Bxe1 Nh5 42. Kg2 Be3 43. Bg3 Bf4 44. Bf2 Bd6 45. Qd2 Qd7 46. Be3 Bc7 47. Be2 Qe6 48. Bd3 Qd6 49. f4 Qf6 50. Be2 Ng7 51. Qc1 Qe7 52. Bf3 Nf5 53. Bf2 Qd6 54. Kh3 Bb6 55. Qd2 Qa3 56. Kg4 Qb3 57. Be2 Nh6+ 58. Kg5 Kg7 59. f5 f6+ 0-1

[Event "South America-ch 2nd"]
[Site "Coliseo Miguel Grau"]
[Date "2024.08.01"]
[Round "6"]
[White "Gallegos Quispe, Daniel Paolo"]
[Black "Jodorcovsky Werjivker, Paulo"]
[Result "1/2-1/2"]
[WhiteElo "1786"]
[BlackElo "2145"]
[PlyCount "79"]
[EventDate "2024.07.29"]
[EventType "swiss"]
[EventRounds "9"]
[EventCountry "PER"]
[SourceTitle "EXT 2025"]
[Source "ChessBase"]
[SourceDate "2024.10.14"]
[SourceVersion "1"]
[SourceVersionDate "2024.10.14"]
[SourceQuality "1"]

1. e4 c5 2. Nf3 Nc6 3. d4 cxd4 4. Nxd4 Nf6 5. Nc3 e6 6. Ndb5 Bc5 7. Nd6+ Ke7 8. Bf4 e5 9. Nf5+ Kf8 10. Be3 Bb4 11. Bc4 d5 12. exd5 Na5 13. Nxg7 Kxg7 14. Bb3 Nxb3 15. axb3 Qxd5 16. Qe2 Bxc3+ 17. bxc3 Bf5 18. 0-0 Qe4 19. Ra4 Qxc2 20. Qf3 Bg6 21. Bh6+ Kxh6 22. Qxf6 e4 23. Ra5 Qe2 24. f3 b5 25. f4 Qe3+ 26. Kh1 Qd3 27. Rg1 Qd8 28. Qe5 f6 29. Qxb5 Qb6 30. Qa4 Rhe8 31. f5 Bf7 32. Ra6 Qxb3 33. Qd4 Kg7 34. Qxf6+ Kg8 35. Qh6 Qb7 36. Qg5+ Kh8 37. Qf6+ Kg8 38. Qg5+ Kh8 39. Qf6+ Kg8 40. Qg5+ 1/2-1/2

[Event "South America-ch 2nd"]
[Site "Coliseo Miguel Grau"]
[Date "2024.07.31"]
[Round "4"]
[White "Anticona Bocanegra, Fabrizio Aaron"]
[Black "Jodorcovsky Werjivker, Paulo"]
[Result "1-0"]
[WhiteElo "1740"]
[BlackElo "2145"]
[PlyCount "99"]
[EventDate "2024.07.29"]
[EventType "swiss"]
[EventRounds "9"]
[EventCountry "PER"]
[SourceTitle "EXT 2025"]
[Source "ChessBase"]
[SourceDate "2024.10.14"]
[SourceVersion "1"]
[SourceVersionDate "2024.10.14"]
[SourceQuality "1"]

1. Nf3 d5 2. d4 Nf6 3. g3 c6 4. Bg2 Bg4 5. h3 Bxf3 6. Bxf3 Nbd7 7. 0-0 e5 8. dxe5 Nxe5 9. Bg2 Bd6 10. c3 0-0 11. Qc2 Re8 12. Nd2 Qd7 13. b3 Re7 14. Bb2 Rae8 15. Rad1 Ng6 16. e3 h5 17. c4 Be5 18. Ba3 Re6 19. Nf3 Bd6 20. Bb2 h4 21. gxh4 Bb8 22. h5 Nxh5 23. cxd5 cxd5 24. Qf5 Nf6 25. Bxf6 gxf6 26. Rxd5 Qc7 27. Rc5 Qd6 28. Rfc1 Kg7 29. Nd4 Re5 30. Rxe5 Rxe5 31. Qg4 Qa3 32. Rc8 Rg5 33. Qd7 Qd6 34. Nf5+ Rxf5 35. Qxf5 Qd1+ 36. Bf1 Be5 37. Qg4 Qb1 38. e4 Bf4 39. h4 Qxe4 40. Rc4 Qe5 41. h5 Bh2+ 42. Kh1 f5 43. Qg2 b5 44. hxg6 bxc4 45. gxf7+ Kxf7 46. Bxc4+ Kf6 47. Qxh2 Qe1+ 48. Qg1 Qe4+ 49. Qg2 Qe1+ 50. Kh2 1-0

[Event "South America-ch 2nd"]
[Site "Coliseo Miguel Grau"]
[Date "2024.07.30"]
[Round "3"]
[White "Jodorcovsky Werjivker, Paulo"]
[Black "Bedoya Rosales, Luis"]
[Result "0-1"]
[WhiteElo "2145"]
[BlackElo "1854"]
[PlyCount "70"]
[EventDate "2024.07.29"]
[EventType "swiss"]
[EventRounds "9"]
[EventCountry "PER"]
[SourceTitle "EXT 2025"]
[Source "ChessBase"]
[SourceDate "2024.10.14"]
[SourceVersion "1"]
[SourceVersionDate "2024.10.14"]
[SourceQuality "1"]

1. d4 Nf6 2. Nf3 g6 3. g3 Bg7 4. Bg2 0-0 5. 0-0 d6 6. b3 c5 7. Bb2 cxd4 8. Nxd4 d5 9. c4 dxc4 10. Nd2 cxb3 11. Qxb3 Nc6 12. Nxc6 bxc6 13. Rfd1 Be6 14. Nc4 Qc8 15. Qc2 Rb8 16. Na5 Rxb2 17. Qxb2 Nd5 18. Qc2 Bxa1 19. Rxa1 c5 20. a3 Qc7 21. Nb3 Rc8 22. Rc1 c4 23. Nd4 Qb6 24. e3 Nf6 25. Rb1 Qd6 26. Nxe6 Qxe6 27. Rb7 c3 28. Rxa7 Qd6 29. Bf3 Qc5 30. Ra6 Qb5 31. Ra7 Qb2 32. Bd1 Rd8 33. Kg2 Rd2 34. Qxb2 cxb2 35. Rb7 Nd5 0-1

[Event "Titled Tuesday intern op 29th Aug Early"]
[Site "Chess.com INT"]
[Date "2023.08.29"]
[Round "2"]
[White "Jodorcovsky Werjivker, Paulo"]
[Black "Aghasiyev, Kamal"]
[Result "0-1"]
[WhiteElo "2103"]
[BlackElo "2441"]
[PlyCount "104"]
[EventDate "2023.08.29"]
[EventType "swiss (blitz)"]
[EventRounds "11"]
[EventCountry "USA"]
[SourceTitle "EXT 2024"]
[Source "ChessBase"]
[SourceDate "2023.10.10"]
[SourceVersion "1"]
[SourceVersionDate "2023.10.10"]
[SourceQuality "1"]

1. e4 e5 2. Nf3 Nc6 3. Bb5 a6 4. Ba4 Nf6 5. d4 exd4 6. 0-0 Be7 7. e5 Ne4 8. Nxd4 Nc5 9. Nf5 Bf8 10. Qg4 Ne6 11. Bxc6 dxc6 12. Rd1 Bd7 13. Nc3 h5 14. Qg3 g6 15. Nd4 h4 16. Qf3 Nxd4 17. Rxd4 Qe7 18. Bf4 0-0-0 19. Rad1 Bh6 20. Ne4 Bxf4 21. Qxf4 h3 22. Nf6 Be6 23. Qe3 c5 24. Rxd8+ Rxd8 25. Rxd8+ Qxd8 26. gxh3 Qd1+ 27. Kg2 b6 28. Qe4 Kb8 29. a4 Qd2 30. h4 a5 31. Qd3 Qf4 32. Qe4 Qc1 33. Qd3 Qxb2 34. Qd8+ Kb7 35. f4 Qxc2+ 36. Kg3 Qc3+ 37. Kg2 Qe3 38. f5 Bxf5 39. Qxc7+ Ka6 40. Qxb6+ Kxb6 41. Nd5+ Kc6 42. Nxe3 Be6 43. Kf3 c4 44. Ke2 Kc5 45. Kd2 Kb4 46. h5 gxh5 47. Nc2+ Kxa4 48. Nd4 Kb4 49. Kc2 a4 50. Nc6+ Kc5 51. Na5 Kd4 52. Nc6+ Kd5 0-1

[Event "Titled Tuesday intern op 08th Aug Early"]
[Site "Chess.com INT"]
[Date "2023.08.08"]
[Round "8"]
[White "Castella Garcia, Fausto"]
[Black "Jodorcovsky Werjivker, Paulo"]
[Result "0-1"]
[WhiteElo "2328"]
[BlackElo "2103"]
[PlyCount "60"]
[EventDate "2023.08.08"]
[EventType "swiss (blitz)"]
[EventRounds "11"]
[EventCountry "USA"]
[SourceTitle "EXT 2024"]
[Source "ChessBase"]
[SourceDate "2023.10.10"]
[SourceVersion "1"]
[SourceVersionDate "2023.10.10"]
[SourceQuality "1"]

1. e4 c5 2. Nf3 Nc6 3. Bb5 g6 4. c3 Bg7 5. d4 Nf6 6. e5 Ne4 7. Qe2 d5 8. exd6 Nxd6 9. Bxc6+ bxc6 10. dxc5 Nb7 11. Be3 0-0 12. 0-0 Be6 13. Nbd2 Qc7 14. Bd4 Rad8 15. Bxg7 Kxg7 16. b4 Rd7 17. Nd4 Bd5 18. f4 Nd8 19. c4 Bxg2 20. Nf5+ gxf5 21. Qxg2+ Kh8 22. Kh1 Ne6 23. Rg1 Qxf4 24. Nf3 Rdd8 25. Raf1 Rg8 26. Qh3 Rxg1+ 27. Rxg1 Rg8 28. Rf1 Qxc4 29. Qxf5 Ng7 30. Qe5 Qxf1+ 0-1

[Event "Titled Tuesday intern op 08th Aug Early"]
[Site "Chess.com INT"]
[Date "2023.08.08"]
[Round "5"]
[White "Eynullayev, Atilla Elshan"]
[Black "Jodorcovsky Werjivker, Paulo"]
[Result "1-0"]
[WhiteElo "2265"]
[BlackElo "2103"]
[PlyCount "115"]
[EventDate "2023.08.08"]
[EventType "swiss (blitz)"]
[EventRounds "11"]
[EventCountry "USA"]
[SourceTitle "EXT 2024"]
[Source "ChessBase"]
[SourceDate "2023.10.10"]
[SourceVersion "1"]
[SourceVersionDate "2023.10.10"]
[SourceQuality "1"]

1. d4 d5 2. c4 e6 3. Nc3 c5 4. cxd5 exd5 5. Nf3 Nc6 6. g3 Nf6 7. Bg2 cxd4 8. Nxd4 Bc5 9. Nb3 Bb6 10. 0-0 d4 11. Na4 0-0 12. Bg5 Re8 13. Bxf6 Qxf6 14. Nxb6 axb6 15. Bxc6 bxc6 16. Qxd4 Qxd4 17. Nxd4 c5 18. Nb5 Rxe2 19. Rfe1 Rxa2 20. Nc3 Rxa1 21. Rxa1 Re8 22. Nd5 Bh3 23. Nxb6 h6 24. Ra8 Rxa8 25. Nxa8 Kf8 26. f3 Bd7 27. Nb6 Bc6 28. Kf2 Ke7 29. Nc4 Bb5 30. Ne5 f6 31. Ng6+ Kd6 32. Ke3 Be8 33. Nf4 Bc6 34. Nh5 Be8 35. Nxg7 Bg6 36. Kf4 c4 37. Nf5+ Kc5 38. Ne3 Kd4 39. g4 Bf7 40. h4 Kd3 41. h5 Kd2 42. Ke4 Kc1 43. Kd4 Kxb2 44. Nxc4+ Kc1 45. Nd6 Be6 46. Ke4 Kd2 47. Nf5 Ke2 48. Nxh6 Bc8 49. Nf5 Bb7+ 50. Kf4 Kf2 51. h6 Bxf3 52. h7 Bxg4 53. Kxg4 Kg1 54. h8Q Kg2 55. Qh3+ Kg1 56. Qe3+ Kh1 57. Qd2 Kg1 58. Kg3 1-0

[Event "Titled Tuesday intern op 08th Aug Early"]
[Site "Chess.com INT"]
[Date "2023.08.08"]
[Round "1"]
[White "Jodorcovsky Werjivker, Paulo"]
[Black "Lisenkov, Svyatoslav"]
[Result "0-1"]
[WhiteElo "2103"]
[BlackElo "2089"]
[PlyCount "116"]
[EventDate "2023.08.08"]
[EventType "swiss (blitz)"]
[EventRounds "11"]
[EventCountry "USA"]
[SourceTitle "EXT 2024"]
[Source "ChessBase"]
[SourceDate "2023.10.10"]
[SourceVersion "1"]
[SourceVersionDate "2023.10.10"]
[SourceQuality "1"]

1. d4 Nf6 2. c4 g6 3. Nc3 d5 4. Bf4 Bg7 5. e3 0-0 6. Nf3 dxc4 7. Bxc4 b6 8. 0-0 Bb7 9. Qe2 Nbd7 10. Rac1 a6 11. h3 b5 12. Bb3 c5 13. Rfd1 cxd4 14. exd4 Nb6 15. Ne5 Nbd5 16. Bh2 e6 17. Nb1 Rc8 18. a4 Qb6 19. axb5 axb5 20. Nc3 Nxc3 21. bxc3 Rfd8 22. Re1 Bd5 23. Qa2 Bxb3 24. Qxb3 Nd5 25. Red1 Qa5 26. c4 bxc4 27. Rxc4 Rxc4 28. Qxc4 Qc3 29. Qb5 Qc2 30. Rf1 Qf5 31. Bg3 Nf4 32. Bxf4 Qxf4 33. Qb6 Rf8 34. Re1 Qd2 35. Nf3 Qc3 36. Qc5 Qb3 37. Rc1 h6 38. Ne5 Qb2 39. Nd7 Rd8 40. Qc7 Rxd7 41. Qc8+ Bf8 42. Rc2 Qxd4 43. Kh2 Qd6+ 44. g3 Qd1 45. Rc1 Qd2 46. Rc2 Qd5 47. Qa6 h5 48. Qe2 h4 49. Rc4 hxg3+ 50. Kxg3 Bd6+ 51. f4 Qf5 52. Re4 Ra7 53. Qf3 Ra3 54. Re3 Qxf4+ 55. Qxf4 Rxe3+ 56. Kg4 Bxf4 57. Kxf4 Rxh3 58. Kg4 Rh5 0-1

[Event "Titled Tuesday intern op 06th Jun Early"]
[Site "Chess.com INT"]
[Date "2023.06.06"]
[Round "1"]
[White "Hua, Lefong"]
[Black "Jodorcovsky Werjivker, Paulo"]
[Result "1-0"]
[WhiteElo "2305"]
[BlackElo "2144"]
[PlyCount "86"]
[EventDate "2023.06.06"]
[EventType "swiss (blitz)"]
[EventRounds "11"]
[EventCountry "USA"]
[SourceTitle "EXT 2024"]
[Source "ChessBase"]
[SourceDate "2023.10.10"]
[SourceVersion "1"]
[SourceVersionDate "2023.10.10"]
[SourceQuality "1"]

1. d4 f5 2. Nc3 Nf6 3. Bg5 e6 4. e4 fxe4 5. Nxe4 Be7 6. Bxf6 Bxf6 7. Qh5+ g6 8. Qh6 Kf7 9. Nxf6 Qxf6 10. Nf3 d6 11. Bd3 Nc6 12. c3 Ne7 13. 0-0-0 Ng8 14. Qe3 h6 15. h4 Ne7 16. g4 Nd5 17. Qe4 Qf4+ 18. Kc2 Qxe4 19. Bxe4 Nf6 20. Bd3 Nxg4 21. Rhg1 e5 22. dxe5 Nxe5 23. Nxe5+ dxe5 24. Rxg6 Be6 25. Re1 Rad8 26. Rxe5 Rxd3 27. Rexe6 Rf3 28. Rxh6 Rxh6 29. Rxh6 Rxf2+ 30. Kb3 Kg7 31. Rh5 Rf4 32. Rd5 Rf7 33. h5 Kh6 34. a4 Rf6 35. Re5 Rb6+ 36. Kc2 Rf6 37. b4 a6 38. Kb3 b6 39. a5 bxa5 40. Rxa5 Rb6 41. Rc5 Rd6 42. Ka4 Rb6 43. Ka5 Rb7 1-0

[Event "Titled Tuesday intern op 16th May Early"]
[Site "Chess.com INT"]
[Date "2023.05.16"]
[Round "9"]
[White "Jodorcovsky Werjivker, Paulo"]
[Black "Shubenkova, Veronika"]
[Result "1-0"]
[WhiteElo "2182"]
[BlackElo "1960"]
[PlyCount "85"]
[EventDate "2023.05.16"]
[EventType "swiss (blitz)"]
[EventRounds "11"]
[EventCountry "USA"]
[SourceTitle "CBM 214 Extra"]
[Source "ChessBase"]
[SourceDate "2023.07.31"]
[SourceVersion "1"]
[SourceVersionDate "2023.07.31"]
[SourceQuality "1"]

1. e4 e6 2. d4 d5 3. Nd2 Nf6 4. e5 Nfd7 5. f4 c5 6. c3 Nc6 7. Ndf3 a6 8. a3 b5 9. b3 Qb6 10. h4 Bb7 11. Nh3 h6 12. Be3 a5 13. Bd3 b4 14. axb4 axb4 15. Rxa8+ Bxa8 16. c4 cxd4 17. cxd5 dxe3 18. dxc6 Bxc6 19. Qe2 Bc5 20. 0-0 0-0 21. Kh2 f6 22. h5 fxe5 23. Nxe5 Nxe5 24. fxe5 Rxf1 25. Qxf1 Bd4 26. Bg6 Bxe5+ 27. Kh1 Qb7 28. Ng1 Bf6 29. Ne2 Be4 30. Nf4 Bxg6 31. hxg6 Qc6 32. Nh5 Qc3 33. Qf3 Qa1+ 34. Kh2 Qe5+ 35. Ng3 Qb8 36. Kh1 Qa7 37. Ne4 Qa1+ 38. Kh2 Qd4 39. Ng3 Qa7 40. Qe4 e5 41. Qc4+ Kf8 42. Qc8+ Ke7 43. Nf5# 1-0

[Event "Titled Tuesday intern op 16th May Early"]
[Site "Chess.com INT"]
[Date "2023.05.16"]
[Round "2"]
[White "Simonian, Hrair"]
[Black "Jodorcovsky Werjivker, Paulo"]
[Result "1-0"]
[WhiteElo "2431"]
[BlackElo "2182"]
[PlyCount "67"]
[EventDate "2023.05.16"]
[EventType "swiss (blitz)"]
[EventRounds "11"]
[EventCountry "USA"]
[SourceTitle "CBM 214 Extra"]
[Source "ChessBase"]
[SourceDate "2023.07.31"]
[SourceVersion "1"]
[SourceVersionDate "2023.07.31"]
[SourceQuality "1"]

1. e4 e5 2. Nf3 Nc6 3. Bb5 a6 4. Ba4 Nf6 5. 0-0 Be7 6. Bxc6 dxc6 7. d3 Bd6 8. Nbd2 Nd7 9. Nc4 f6 10. Nh4 Nc5 11. Qh5+ Ke7 12. f4 Qe8 13. Nf5+ Bxf5 14. Qxf5 exf4 15. Bxf4 Qg6 16. Bxd6+ cxd6 17. Qf4 Rad8 18. Rae1 Ne6 19. Qf2 b5 20. Na5 Rc8 21. Qb6 Qe8 22. d4 Qd8 23. Nxc6+ Rxc6 24. Qxc6 Nxd4 25. Qd5 Qb6 26. Kh1 Nc6 27. c4 Ne5 28. cxb5 axb5 29. Rc1 Ng4 30. Rc6 Qb8 31. Rfc1 Rd8 32. Rc7+ Rd7 33. Rxd7+ Kxd7 34. Qf7+ 1-0

[Event "Titled Tuesday intern op 02nd May Late"]
[Site "Chess.com INT"]
[Date "2023.05.02"]
[Round "2"]
[White "Jodorcovsky Werjivker, Paulo"]
[Black "Sai, Krishna GV"]
[Result "0-1"]
[WhiteElo "2182"]
[BlackElo "2384"]
[PlyCount "100"]
[EventDate "2023.05.02"]
[EventType "swiss (blitz)"]
[EventRounds "11"]
[EventCountry "USA"]
[SourceTitle "EXT 2024"]
[Source "ChessBase"]
[SourceDate "2023.10.10"]
[SourceVersion "1"]
[SourceVersionDate "2023.10.10"]
[SourceQuality "1"]

1. e4 e5 2. Nf3 Nc6 3. Bb5 a6 4. Ba4 d6 5. d3 g6 6. 0-0 Bg7 7. c3 Nf6 8. Re1 0-0 9. Nbd2 b5 10. Bc2 Bb7 11. Nf1 d5 12. Ng3 Re8 13. a4 d4 14. Bb3 dxc3 15. bxc3 b4 16. Ng5 Re7 17. cxb4 h6 18. Nf3 Nxb4 19. Ba3 a5 20. Bxb4 axb4 21. Qd2 c5 22. Rec1 Qd6 23. Qc2 Rc7 24. Nd2 Rd8 25. Nc4 Qe7 26. Nf1 Rcd7 27. Rd1 h5 28. a5 Ba6 29. Nb6 Rxd3 30. Nd5 Nxd5 31. Rxd3 Bxd3 32. Qxd3 Nc3 33. Qc4 Rd4 34. Qa6 Nxe4 35. Qa8+ Kh7 36. a6 Qf6 37. f3 Nd2 38. a7 Nxb3 39. Qb8 Nxa1 40. a8Q Nc2 41. Qg8+ Kh6 42. Qa2 Ne1 43. Qaxf7 Qxf7 44. Qxf7 c4 45. Ne3 c3 46. Qb3 Rd2 47. Kf1 c2 48. Nxc2 Nxc2 49. Qc4 Ne3+ 50. Ke1 Nxc4 0-1

[Event "Titled Tuesday intern op 02nd May Late"]
[Site "Chess.com INT"]
[Date "2023.05.02"]
[Round "10"]
[White "Jodorcovsky Werjivker, Paulo"]
[Black "Volkov, Nika"]
[Result "0-1"]
[WhiteElo "2182"]
[BlackElo "2206"]
[PlyCount "88"]
[EventDate "2023.05.02"]
[EventType "swiss (blitz)"]
[EventRounds "11"]
[EventCountry "USA"]
[SourceTitle "EXT 2024"]
[Source "ChessBase"]
[SourceDate "2023.10.10"]
[SourceVersion "1"]
[SourceVersionDate "2023.10.10"]
[SourceQuality "1"]

1. e4 c5 2. Nf3 e6 3. c3 d5 4. exd5 exd5 5. d4 Nf6 6. Be2 Nc6 7. 0-0 Be7 8. dxc5 Bxc5 9. Bg5 Be6 10. Nbd2 0-0 11. Nb3 Bb6 12. Nbd4 Re8 13. Bb5 Rc8 14. Re1 h6 15. Nxe6 fxe6 16. Bf4 Ne4 17. Re2 Bxf2+ 18. Rxf2 Qb6 19. Qe2 e5 20. Be3 d4 21. Bxc6 bxc6 22. cxd4 Nxf2 23. Qxf2 e4 24. Ne5 Rf8 25. Qc2 Rce8 26. b3 Rxe5 27. dxe5 Qxe3+ 28. Kh1 Qd4 29. Rc1 e3 30. h3 Qxe5 31. Qxc6 e2 32. Qc4+ Kh8 33. Re1 Rf2 34. Qc8+ Kh7 35. Qc2+ g6 36. Qd3 h5 37. Qd7+ Kh6 38. Qd2+ g5 39. Qd3 g4 40. h4 g3 41. Qa6+ Rf6 42. Qd3 Qf4 43. Qxe2 Qxh4+ 44. Kg1 Qh2# 0-1

[Event "Titled Tuesday intern op 18th Apr Late"]
[Site "Chess.com INT"]
[Date "2023.04.18"]
[Round "1"]
[White "Jodorcovsky Werjivker, Paulo"]
[Black "Begmuratov, Alisher"]
[Result "0-1"]
[WhiteElo "2220"]
[BlackElo "2395"]
[PlyCount "62"]
[EventDate "2023.04.18"]
[EventType "swiss (blitz)"]
[EventRounds "11"]
[EventCountry "USA"]
[SourceTitle "EXT 2024"]
[Source "ChessBase"]
[SourceDate "2023.10.10"]
[SourceVersion "1"]
[SourceVersionDate "2023.10.10"]
[SourceQuality "1"]

1. e4 c6 2. d4 d5 3. exd5 cxd5 4. Bd3 Nc6 5. c3 Nf6 6. h3 e5 7. dxe5 Nxe5 8. Nf3 Nxd3+ 9. Qxd3 Be7 10. Be3 0-0 11. Nbd2 Be6 12. 0-0 a6 13. a4 Qd7 14. Nb3 Rae8 15. Nc5 Qc6 16. Ne5 Qc8 17. Nb3 Bd6 18. Nf3 Bxh3 19. gxh3 Qxh3 20. Bc5 Bh2+ 21. Kh1 Bc7+ 22. Kg1 Re4 23. Ne5 Rg4+ 24. Nxg4 Qxd3 25. Nxf6+ gxf6 26. Bxf8 Qh3 27. f4 Qg3+ 28. Kh1 Kxf8 29. Nd4 Bxf4 30. Nf3 Qh3+ 31. Kg1 Be3+ 0-1